000 00694nam a2200277Ia 4500
005 20260324131125.0
008 008 260324s9999 xx 000 0 eng d
020 _a9780203759714
037 _aEBOOK
040 _aCRL
040 _beng
040 _cCRL
041 _2eng
041 _aeng
084 _qCRL
100 _aLiliane Sprenger-Charolles; Pascale Colé; Willy Serniclaes
_91184303
245 0 _aReading Acquisition and Developmental Dyslexia
260 _bTaylor and Francis
260 _c2006
365 _a
365 _b230
856 _uhttp://www.taylorfrancis.com/books/9780203759714
942 _cEBOOK
999 _c1781193
_d1781193